| 000 | 00692nam a2200277Ia 4500 | ||
|---|---|---|---|
| 005 | 20260324133954.0 | ||
| 008 | 008 260324s9999 xx 000 0 eng d | ||
| 020 | _a9781003423829 | ||
| 037 | _aEBOOK | ||
| 040 | _aCRL | ||
| 040 | _beng | ||
| 040 | _cCRL | ||
| 041 | _2eng | ||
| 041 | _aeng | ||
| 084 | _qCRL | ||
| 100 |
_aDame Julia Polak; Susan Van Noorden; 0 J.M. Polak and S. Van Noorden _91195084 |
||
| 245 | 0 | _aIntroduction to Immunocytochemistry | |
| 260 | _bTaylor and Francis | ||
| 260 | _c2002 | ||
| 365 | _a | ||
| 365 | _b475 | ||
| 856 | _uhttp://www.taylorfrancis.com/books/9781003423829 | ||
| 942 | _cEBOOK | ||
| 999 |
_c1794680 _d1794680 |
||